| 000 | 00494nam a22001457a 4500 | ||
|---|---|---|---|
| 020 | _a978-1-4075-0184-0 | ||
| 082 |
_a823 _bGRA/H |
||
| 100 | _aPETER BARSOCCHINI | ||
| 245 | _aHIGH SCHOOL MUSICAL 2 | ||
| 260 |
_aNEW YORK _bPARRAGON _c2007 |
||
| 300 | _a137 | ||
| 520 | _aTHINGS ARE HEATING UP ON THE LAWNS OF HIGH SOCIETY. WILL TROY AND GABRIELLA REALIZE THAT THEY'RE MEANT TO BE? OR IS IT ALREADY TOO LATE FOR THEM TO SING ONE LAST SONG TOGETHER? | ||
| 650 | _aTHE BOOK OF THE FILM | ||
| 942 | _cBK | ||
| 999 |
_c439 _d439 |
||